000
00342nam a2200133Ia 4500
008
240624s9999 xx 000 0 und d
041
_a
eng
082
_a
332.042 WAN
100
_a
WANG PEIJIE
245
_a
ECONOMICS OF FOREIGN EXCHANGE AND GLOBAL
260
_c
2005
_a
New York
_b
Springer
300
_a
xii, : 351 : p. : cm. ; 24
365
_c
RS
999
_c
3086
_d
3086